| 000 | 01125nam a22002657a 4500 | ||
|---|---|---|---|
| 001 | BD-DhSAU 9030 | ||
| 003 | BD-DhSAU | ||
| 005 | 20181220124019.0 | ||
| 008 | 150613b2005 bg a|||| m||| 00| 0 eng d | ||
| 040 | _aBD-DhSAU | ||
| 082 |
_222 _a635 _bR1293 |
||
| 100 |
_aRahman, B. M. Saidur _eRegistration # 01513 |
||
| 245 |
_aEffects of maturity stages and ethrel on the ripening and quality of tomato / _bMS thesis _cB. M. Saidur Rahman |
||
| 260 |
_aSher-e-Bangla Agricultural University : _bDepartment of Horticulture & Postharvest Technology, _c2005. |
||
| 300 |
_ax, 74 p. : _bill. ; _c30 cm. |
||
| 500 | _aMS thesis of Department of Horticulture & Postharvest Technology, Faculty of Agriculture, Sher-e-Bangla Agricultural University, Dhaka, Bangladesh | ||
| 504 | _aIncludes bibliographical reference. | ||
| 590 | _aJerin | ||
| 650 | _aHorticulture & Postharvest Technology | ||
| 650 | _a tomato | ||
| 700 |
_aSaha, Satya Ranjan _eSuperviser |
||
| 700 |
_aIslam, Md. Nazrul _eCo-superviser |
||
| 856 |
_yOnline Access _uhttp://archive.saulibrary.edu.bd:8080/xmlui/handle/123456789/1017 |
||
| 942 |
_2ddc _cTHESIS |
||
| 999 |
_c9030 _d9030 |
||